|
|
|
|
| LEADER |
00000nam a22000007a 4500 |
| 005 |
20190411012647.0 |
| 007 |
cr|||| |||| |
| 008 |
190411s2018 es |||||s|||| 00||0 spa d |
| 020 |
|
|
|a 978-84-7351-656-3
|
| 035 |
|
|
|a 23123
|
| 040 |
|
|
|a vLex
|
| 090 |
|
|
|c 8587
|d 8587
|
| 100 |
1 |
|
|a Gm̤ez Da̕z-Romo, Antonia
|
| 245 |
1 |
0 |
|a Responsabilidad patrimonial derivada de acoso escolar
|h [Recurso electrn̤ico] /
|c Antonia Gm̤ez Da̕z-Romo
|
| 256 |
|
|
|a Servicio en ln̕ea
|
| 260 |
|
|
|a Madrid:
|b Instituto Nacional de Administracin̤ Pb︢lica (INAP),
|c 2018
|
| 300 |
|
|
|a 1 recurso electrn̤ico
|
| 500 |
|
|
|a Resulta indudable el interš que despiertan los supuestos de acoso escolar que, por desgracia, se contina︢n produciendo. Igualmente es constatable la pasin̤ que envuelve todo lo relativo a la educacin̤, tanto en cuanto a los valores que deben transmitirse como a la delimitacin̤ entre lo pb︢lico y lo privado. Como tercer elemento, son evidentes las dudas y dificultades prc̀ticas existentes en torno a la responsabilidad patrimonial de la Administracin̤. En esta obra se pone la lupa sobre la interrelacin̤ entre los tres conceptos: servicio pb︢lico educativo, acoso escolar y responsabilidad patrimonial. Son muchos los interrogantes que se plantean: ¿Qu ̌alcance tiene la responsabilidad patrimonial de la Administracin̤? ¿Cabe exigirla por el acoso producido en un centro privado? ¿Cm̤o inciden posibles incumplimientos de los intervinientes en el proceso educativo como docentes, padres o tutores o los propios alumnos?... Se analizan las diversas situaciones reales que pueden presentarse, proponiendo soluciones desde una visin̤ extensa e integradora del ordenamiento jurd̕ico. Se subrayan las particularidades de los elementos de la responsabilidad patrimonial en el m̀bito del acoso escolar, teniendo presente la incidencia de intervenciones privadas. Constatada la existencia de lagunas y contradicciones, se reflexiona sobre la necesidad de precisar y ordenar la regulacin̤ vigente, con la intencin̤ de contribuir a generar un marco ms̀ propicio a la seguridad jurd̕ica.
|
| 506 |
1 |
|
|a Disponible solo en los productos indicados
|d vLex Global
|d vLex Global (Academic Edition, excluding Law Schools)
|d vLex Global (U.S. Academic Edition, Law Schools)
|d vLex Global (U.S. Academic Edition, excluding Law Schools)
|d vLex Global (Academic Edition, Law Schools)
|
| 650 |
0 |
4 |
|a Obligaciones y Contratos
|z Espaą
|
| 650 |
0 |
4 |
|a Actividad Administrativa
|z Espaą
|
| 740 |
0 |
|
|a vLex Libros (Servicio en ln̕ea)
|
| 856 |
4 |
0 |
|u http://vlex.com/source/responsabilidad-patrimonial-derivada-de-acoso-escolar-23123
|z Acceso restringido
|
| 942 |
|
|
|c BOOK
|
| 999 |
0 |
|
|a Obligations and Contracts
|
| 999 |
0 |
|
|a Administrative Activity
|